Betaal Pachchisi (Record no. 216192)
[ view plain ]
| 000 -LEADER | |
|---|---|
| fixed length control field | 00438nam a22001817a 4500 |
| 005 - DATE AND TIME OF LATEST TRANSACTION | |
| control field | 20260514122256.0 |
| 010 ## - LCCN (DPL NO) | |
| LC control number | ENG-148461 |
| 020 ## - INTERNATIONAL STANDARD BOOK NUMBER | |
| International Standard Book Number | 9788190569958 |
| Terms of availability | 300.00 |
| 035 ## - SYSTEM CONTROL NUMBER | |
| System control number | EN-131993 |
| 037 ## - SOURCE OF ACQUISITION | |
| Source of stock number/acquisition | DBAD |
| 082 ## - DEWEY DECIMAL CLASSIFICATION NUMBER | |
| Classification number | S |
| 245 ## - TITLE STATEMENT | |
| Title | Betaal Pachchisi |
| 250 ## - EDITION STATEMENT | |
| Edition statement | 1 |
| 260 ## - PUBLICATION, DISTRIBUTION, ETC. (IMPRINT) | |
| Place of publication, distribution, etc | Noida, U.P. |
| Name of publisher, distributor, etc | Noida Book Publishing |
| Date of publication, distribution, etc | 2011 |
| 270 ## - ADDRESS | |
| Address | B-114, Sector-55 |
| City | Noida, U.P. |
| 300 ## - PHYSICAL DESCRIPTION | |
| Extent | 200p.: |
| Dimensions | 22cm(Hb) |
| 942 ## - ADDED ENTRY ELEMENTS (KOHA) | |
| Source of classification or shelving scheme | Dewey Decimal Classification |
| Item type | English Books |
| Call number suffix | BET |
| Classification part | S |
| Withdrawn status | Lost status | Not for loan | Collection code | Home library | Current library | Date acquired | Source of acquisition | Cost, normal purchase price | Full call number | Barcode | Copy number | Cost, replacement price | Koha item type |
|---|---|---|---|---|---|---|---|---|---|---|---|---|---|
| Not For Loan | Fiction | D.B.Act.Division | D.B.Act.Division | 14/05/2026 | Delivery of Books Act Division | 300.00 | BET S | EN-131993 | 1 | 300.00 | English Books |
